Forsen Quiz - Statistics

General Stats
  • This quiz has been taken 412 times
    411 since last reset
  • The average score is 18 of 33
Answer Stats
Hint Answer % Correct
Where does Forsen come from? Sweden
95%
haHAA If you don't snus? You lose
89%
What's the name of his girlfriend Nina
87%
EleGiggle Who did you vote for? Forsen
81%
Where does Bruce U live? Uganda
81%
Should Forsen ban all weeb emotes? Yes
75%
Nick of the forsen subs? forsenboys
73%
4HEad What's the deal with homeless people? Just get a house
73%
Where does he live now? Spain
72%
First game was he professional in? StarCraft II
72%
year When was he born? 1990
66%
= Grey Face (no space) Kappa
64%
What do you type in chat when Forsen dies in a game. OMEGALUL
64%
What's the name of the animal he and his girlfriend take care about. Peppah
61%
How much is fisting? $300
59%
How much is Forsen lucky? never lucky
58%
What is BTTV? It's like a third party thing
56%
"Oh shit, I'm sorry." Sorry for what?
56%
"_____, we have to cook" Jesse
55%
Forsen's full name Sebastian Hans Eli Fors
54%
What market chain is associated with Forsen Lidl
53%
Who made pleblist, forsen.tv and snusbot? Pajlada
53%
Name of the streamer which gave birth to the ZULOL emote Shroud
49%
A website used as a pleblist Plug.dj
48%
"Hey buddy I think got the wrong door, the leather club is two blocks down." Fuck you
46%
FeelsGoodMan Chat is always ready for it. My Summer Car
44%
forsenDED Name of the game he tryharded which was considered as a Dark Age Overwatch
40%
Name of the streamer he was competing with in emotes per minute Ice Poseidon
33%
DansGame A thing you never skip with bleepy sounds Sorting Algorithms
30%
Because of who Forsen started streaming hearthstone? Amaz
28%
What was the original sub badge? Edwin VanCleef
15%
Who killed Captain Alex? idk kev eShrug
5%
"Shaman, priest or rogue?" ..... Oh yeah I'm gonna be the Miracle Rogue here
3%
No matching quizzes found
Score Distribution
Percent of People with Each Score
Percentile by Number Answered
Your Score History
You have not taken this quiz since the last reset